Statistics for Lowest-Ranked Teams with FIFA World Cup Appearances

Click here to take the quiz!

General Stats

  • This quiz has been taken 127 times
    (79 since last reset)
  • The average score is 9 of 12

Answer Stats

RankingConfederationTeam% Correct
112AFCNorth Korea
89%
105OFCNew Zealand
86%
81CONCACAFHonduras
82%
168CONCACAFCuba
81%
80AFCChina
78%
87CONCACAFHaiti
78%
82CONMEBOLBolivia
76%
104CONCACAFTrinidad and Tobago
76%
127CAFTogo
68%
151AFCIndonesia
66%
117CAFAngola
59%
148AFCKuwait
55%

Score Distribution

Percentile by Number Answered

Percent of People with Each Score

Your Score History

You have not taken this quiz since the last reset